The Biggest Cities in Denmark - Statistics

General Stats
  • This quiz has been taken 31 times
  • The average score is 9 of 15
Answer Stats
Population City % Correct
1.396.508 Copenhagen
100%
301.049 Aarhus
96%
185.480 Odense
92%
121.878 Aalborg
88%
71.554 Esbjerg
77%
64.511 Randers
65%
53.354 Roskilde
62%
64.418 Horsens
54%
63.645 Kolding
54%
48.134 Helsingør
46%
62.011 Vejle
46%
52.571 Silkeborg
42%
51.782 Herning
38%
45.199 Næstved
19%
48.349 Hørsholm
12%
No matching quizzes found
Score Distribution
Percent of People with Each Score
Percentile by Number Answered
Your Score History
You have not taken this quiz